Wszyscy posłowie PSL-TD sejmu X kadencji po zdjęciu - Statystyki

Ogólne statystyki
  • Ten quiz został rozwiązany 32 razy
  • Średni wynik to 8 z 32
Statystyki odpowiedzi
Obrazkowy Odpowiedź % Poprawnych
Władysław Kosiniak Kamysz
100%
Marek Sawicki
79%
Piotr Zgorzelski
69%
Władysław Bartoszewski
48%
Magdalena Sroka
45%
Krzysztof Paszyk
38%
Czesław Siekierski
34%
Dariusz Klimczak
34%
Ireneusz Raś
28%
Urszula Pasławska
28%
Marek Biernacki
17%
Radosław Lubczyk
17%
Agnieszka Kłopotek
14%
Andrzej Grzyb
14%
Bożena Żelazowska
14%
Jacek Tomczak
14%
Jarosław Rzepa
14%
Stefan Krajewski
14%
Adam Dziedzic
10%
Henryk Kiepura
10%
Henryk Smolarz
10%
Jolanta Zięba Gzik
10%
Michał Pyrzyk
10%
Mirosław Maliszewski
10%
Mirosław Orliński
10%
Paweł Bejda
10%
Stanisław Tomczyszyn
10%
Tadeusz Samborski
10%
Urszula Nowogórska
10%
Wiesław Różyński
10%
Zbigniew Ziejewski
10%
Zbigniew Sosnowski
7%
Nie znaleziono quizów pasujących do podanych kryteriów
Rozkład punktacji
Procent ludzi z każdym wynikiem
Percentyl według liczby udzielonych odpowiedzi
Twoja historia wyników
Nie rozwiązałeś tego quizu